| 000 | 00754nam a22002537a 4500 | ||
|---|---|---|---|
| 003 | CHAP | ||
| 005 | 20220329141606.0 | ||
| 008 | 971013s1971 r 00010 d | ||
| 010 | _a70640 | ||
| 011 | _a71612 | ||
| 035 | _a81166 | ||
| 040 | _cCHAP | ||
| 082 |
_a635.8 _bB3 |
||
| 100 | 0 | 0 |
_aBalius Artau, Jaime. _99703 |
| 245 | _aHay dinero en el champiñon; los hongos como afición y negocio, biología del champiñon | ||
| 260 |
_aBarcelona : _bSintes, _c1971 |
||
| 300 |
_a152 p. _b: ilus. |
||
| 590 |
_aBATCH-UPD _b10 _c20130110 _lUCH01 _h1112 |
||
| 590 |
_aCONVERSION _b10 _c20130109 _lUCH01 _h1339 |
||
| 650 | 1 | 4 |
_aSetas. _9105368 |
| 901 | _aBK | ||
| 942 | _cLIBRO | ||
| 949 |
_a635.8 B3 _bBC _cLIBRO _d33724000249025 _eLIBRO _h44172 _i81166 _si _t112.00 |
||
| 999 |
_c70640 _d70640 |
||